000 00314nam a22001337a 4500
008 170715b xxu||||| |||| 00| 0 eng d
020 _a9780935782004
041 _aeng
080 _a2
100 _a24
101 _aANT
245 _aWHAT EVERYONE SHOULD KNOW ABOUT ISLAM AND MUSLIMS
_cHANEF,S
942 _2udc
_cBK
999 _c21195
_d21195